Financiación de empresas: principios

Сохранить в:
Библиографические подробности
Главный автор: Depallens, M. Georges (Автор)
Формат:
Язык:испанский
Опубликовано: Bilbao Deusto 1967
Серии:Manuales Prácticos de Gestión de Empresas
Предметы:
Метки: Добавить метку
Нет меток, Требуется 1-ая метка записи!

MARC

LEADER 00000nam a2200000 a 4500
001 UCR8648
003 CL-VaPUC
008 980529e19670000SP |||||||||||||||||spa|d
082 0 4 |a 658.151  |b DEP  |2 21 
100 0 |a Depallens, M. Georges  |e author  |9 410651 
245 1 0 |a Financiación de empresas: principios 
300 |a 120 p 
942 |c BK 
945 |d 19980529 00:00:00  |a crobeson 
260 |a Bilbao  |b Deusto  |c 1967 
650 0 |a Administración de empresas   |9 260833 
650 0 |a Administración financiera  |9 261146 
583 |a last modification  |c 20180511 01:00:50  |k Rodrigo Vera 
490 0 |a Manuales Prácticos de Gestión de Empresas 
999 |c 270044  |d 270042 
952 |0 0  |1 0  |4 0  |6 658_151000000000000_DEP_1967  |7 0  |8 A  |9 304158  |a BIBGIM  |b BIBGIM  |d 2019-11-20  |i 1403869  |o 658.151 DEP 1967  |p 1403869  |r 2025-01-15  |w 2019-11-20  |y BK  |k COM